Democracia y transformacin̤ social

Detalles Bibliográficos
Autor principal: de Sousa Santos, Boaventura
Formato: eBook
Lenguaje:español
Publicado: Bogot:̀ Siglo del Hombre Editores, 2017
Materias:
Acceso en línea:Acceso restringido

MARC

LEADER 00000nam a22000007a 4500
005 20210503214236.0
007 cr|||| ||||
008 210503s2017 co |||||s|||| 00||0 spa d
020 |a 978-958-665-435-7 
035 |a 33227 
040 |a vLex 
090 |c 11590  |d 11590 
100 1 |a de Sousa Santos, Boaventura 
245 1 0 |a Democracia y transformacin̤ social  |h [Recurso electrn̤ico] /  |c Boaventura de Sousa Santos 
256 |a Servicio en ln̕ea 
260 |a Bogot:̀  |b Siglo del Hombre Editores,  |c 2017 
300 |a 1 recurso electrn̤ico 
500 |a En nuestra p̌oca, el bloqueo de lo nuevo parece total y si existe alguna seąl de que algo nuevo pueda surgir en el horizonte es ms̀ motivo de miedo que de esperanza. Un empate histr̤ico parece consumarse a la orilla del abismo, de tal manera que no parece posible dar pasos hacia adelante ni hacia atrs̀. De ah ̕la sensacin̤ de implosin̤, un orden mal disfrazado de caos, un caos que, por repetido, parece el n︢ico orden posible. Por ende, nuestra p̌oca es una p̌oca de incertidumbre en la que es tan importante mirar hacia el futuro como hacia el pasado. Este libro se sita︢ en esta conjuncin̤ de tiempos. 
506 1 |a Disponible solo en los productos indicados  |d vLex Global  |d vLex Global (Academic Edition, excluding Law Schools)  |d vLex Global (U.S. Academic Edition, Law Schools)  |d vLex Global (U.S. Academic Edition, excluding Law Schools)  |d vLex Global (Academic Edition, Law Schools) 
650 0 4 |a Filosofa̕ y religin̤  |z Colombia 
740 0 |a vLex Libros (Servicio en ln̕ea) 
856 4 0 |u https://vlex.com/source/democracia-y-transformacion-social-33227  |z Acceso restringido 
942 |c BOOK 
999 0 |a Philosophy and religion